| 000 | 00362nam a2200145Ia 4500 | ||
|---|---|---|---|
| 008 | 230917s9999||||xx |||||||||||||| ||und|| | ||
| 040 |
_e207282 _aMAIN |
||
| 041 | _aEnglish | ||
| 082 | _a658 P987M | ||
| 100 | _aPutti, Joseph M | ||
| 245 | 0 | _aManagement principles | |
| 260 |
_aNew Delhi _bMacmillan Publications _c2012 |
||
| 300 | _axii, 201 p. | ||
| 942 | _cBK | ||
| 999 |
_c158084 _d158084 |
||